000 00297nam a2200133 a 4500
005 20140414093837.0
008 030610s19uu xx 00 eng d
050 _aCDR 500
_bSCI 2000
245 _aScience Deluxe.
650 _aScience.
650 _aCD-ROM.
942 _cAVM
999 _c109073
_d109073